Statistics for This or That? Country Language

Click here to take the quiz!

General Stats

  • This quiz has been taken 61 times
  • The average score is 8 of 10

Answer Stats

QuestionAnswer% Correct
GreeceGreek
100%
AustriaGerman
95%
AlbaniaAlbanian
90%
IndonesiaIndonesian
83%
IranPersian
81%
CambodiaKhmer
78%
LesothoSotho
78%
NepalNepalese
76%
EritreaTigrinya
71%
BhutanDzongkha
66%

Score Distribution

Percentile by Number Answered

Percent of People with Each Score

Your Score History

You have not taken this quiz